[Event "COL-ch U18"]
[Site "Medellin"]
[Date "2022.06.03"]
[Round "5"]
[White "Jimenez Alvarado, Jimmy Joseph"]
[Black "Diaz Larrea, Juan Manuel"]
[Result "1-0"]
[WhiteElo "1961"]
[BlackElo "1745"]
[PlyCount "59"]
[EventDate "2022.06.01"]
[EventType "swiss"]
[EventRounds "9"]
[EventCountry "COL"]
[SourceTitle "CBM 208 Extra"]
[Source "ChessBase"]
[SourceDate "2022.07.31"]
[SourceVersion "1"]
[SourceVersionDate "2022.07.31"]
[SourceQuality "1"]

1. e4 e5 2. Nf3 Nc6 3. Bc4 Nf6 4. Ng5 d5 5. exd5 Na5 6. Bb5+ c6 7. dxc6 bxc6 8. Be2 h6 9. Nf3 e4 10. Ne5 Bc5 11. 0-0 Qd4 12. Ng4 Bxg4 13. Bxg4 e3 14. Bh3 exf2+ 15. Kh1 0-0 16. c3 Qd3 17. b4 Rfe8 18. bxc5 Qxf1+ 19. Qxf1 Re1 20. g3 Rae8 21. Na3 R8e2 22. Kg2 Ne4 23. Nc2 Nc4 24. d3 Rxc2 25. dxe4 Ne5 26. Bf4 Nd3 27. Rd1 Nxc5 28. Rd8+ Kh7 29. Qxf2 Rxf2+ 30. Kxf2 1-0

[Event "COL-ch U18"]
[Site "Medellin"]
[Date "2022.06.02"]
[Round "2"]
[White "Martinez Baquero, Gabriel Santiago"]
[Black "Jimenez Alvarado, Jimmy Joseph"]
[Result "0-1"]
[WhiteElo "1699"]
[BlackElo "1961"]
[PlyCount "60"]
[EventDate "2022.06.01"]
[EventType "swiss"]
[EventRounds "9"]
[EventCountry "COL"]
[SourceTitle "CBM 208 Extra"]
[Source "ChessBase"]
[SourceDate "2022.07.31"]
[SourceVersion "1"]
[SourceVersionDate "2022.07.31"]
[SourceQuality "1"]

1. e4 e5 2. Nf3 Nf6 3. Nxe5 d6 4. Nf3 Nxe4 5. Qe2 Qe7 6. d3 Nf6 7. Qxe7+ Bxe7 8. Nc3 Bf5 9. Be2 Kd7 10. h3 h6 11. Be3 Nc6 12. Kd2 a5 13. a4 Bg6 14. Nd4 d5 15. Nxc6 bxc6 16. Bf3 Rab8 17. Rab1 Rb4 18. d4 c5 19. Nxd5 Nxd5 20. Bxd5 cxd4 21. Bf4 d3 22. Be3 dxc2 23. Rbc1 Rxb2 24. Bxf7 Bb4+ 25. Ke2 Bxf7 26. Bd4 Bc4+ 27. Kf3 Rb3+ 28. Kg4 h5+ 29. Kf5 Bd3+ 30. Ke5 Bd6+ 0-1

[Event "COL-ch Blitz"]
[Site "Villavicencio"]
[Date "2021.11.15"]
[Round "11"]
[White "Prasca Sosa, Rafael Felipe"]
[Black "Jimenez Alvarado, Jimmy Joseph"]
[Result "1-0"]
[WhiteElo "2324"]
[BlackElo "1850"]
[PlyCount "64"]
[EventDate "2021.11.15"]
[EventType "swiss (blitz)"]
[EventRounds "13"]
[EventCountry "COL"]
[SourceTitle "CBM 205 Extra"]
[Source "ChessBase"]
[SourceDate "2022.01.31"]
[SourceVersion "1"]
[SourceVersionDate "2022.01.31"]
[SourceQuality "1"]

1. e4 c5 2. Nf3 d6 3. d4 cxd4 4. Qxd4 a6 5. Be2 Nc6 6. Qe3 g6 7. 0-0 Bg7 8. c4 Nf6 9. h3 0-0 10. Nc3 Nd7 11. Rd1 Qc7 12. Rb1 Rd8 13. Nd5 Qb8 14. b3 e6 15. Nb6 Nxb6 16. Qxb6 Qa7 17. Be3 Qxb6 18. Bxb6 Rd7 19. b4 f5 20. exf5 gxf5 21. Ng5 e5 22. Ne6 Bf6 23. Nc7 Rb8 24. Nd5 Bd8 25. b5 axb5 26. cxb5 Nd4 27. Bxd4 exd4 28. Rxd4 b6 29. Bc4 Kh8 30. Re1 Bb7 31. Re8+ Kg7 32. Rd3 Ra8 1-0

[Event "COL-ch Rapid"]
[Site "Villavicencio"]
[Date "2021.11.13"]
[Round "1"]
[White "Prasca Sosa, Rafael Felipe"]
[Black "Jimenez Alvarado, Jimmy Joseph"]
[Result "1-0"]
[WhiteElo "2374"]
[BlackElo "1689"]
[PlyCount "47"]
[EventDate "2021.11.13"]
[EventType "swiss (rapid)"]
[EventRounds "9"]
[EventCountry "COL"]
[SourceTitle "CBM 205 Extra"]
[Source "ChessBase"]
[SourceDate "2022.01.31"]
[SourceVersion "1"]
[SourceVersionDate "2022.01.31"]
[SourceQuality "1"]

1. e4 c5 2. Nf3 d6 3. d4 cxd4 4. Qxd4 a6 5. Be2 Nc6 6. Qe3 g6 7. 0-0 Bg7 8. c4 Nf6 9. h3 0-0 10. Nc3 Rb8 11. Rd1 Qc7 12. Rb1 Na5 13. b3 Bd7 14. Bb2 Rfc8 15. Nd5 Nxd5 16. exd5 Bf5 17. Bxg7 Bxb1 18. Qh6 f6 19. Rxb1 Qd7 20. Ng5 fxg5 21. Bg4 Qxg4 22. hxg4 e5 23. dxe6 Rc7 24. Bf6 1-0

[Event "COL-ch sf"]
[Site "Santa Rosa"]
[Date "2021.08.14"]
[Round "6"]
[White "Campos Gomez, Manuel"]
[Black "Jimenez Alvarado, Jimmy Joseph"]
[Result "1-0"]
[WhiteElo "2059"]
[BlackElo "1831"]
[PlyCount "95"]
[EventDate "2021.08.11"]
[EventType "swiss"]
[EventRounds "11"]
[EventCountry "COL"]
[SourceTitle "CBM 204 Extra"]
[Source "ChessBase"]
[SourceDate "2021.11.30"]
[SourceVersion "1"]
[SourceVersionDate "2021.11.30"]
[SourceQuality "1"]

1. e4 e6 2. d4 d5 3. Nc3 Nf6 4. e5 Nfd7 5. Nf3 c5 6. dxc5 Nc6 7. Bf4 Nxc5 8. a3 a6 9. b4 Nd7 10. Qd2 b5 11. Bd3 Be7 12. h4 f6 13. exf6 Bxf6 14. Ng5 Nc5 15. Bxh7 Na4 16. Nxa4 Bxa1 17. Bg6+ Kf8 18. Nf7 Qf6 19. Nxh8 bxa4 20. 0-0 Bb2 21. Qe3 Bd4 22. Qg3 Be5 23. Bh7 Bxf4 24. Ng6+ Ke8 25. Nxf4 Nd4 26. Re1 Nf5 27. Qd3 Kf8 28. Nxd5 Qxh4 29. Bxf5 exf5 30. Nc7 Ra7 31. Re8+ Kf7 32. Qd5+ Kg6 33. Rxc8 Qf4 34. Qe6+ Kh7 35. Qg8+ Kh6 36. Qxg7+ Kxg7 37. Ne6+ Kf6 38. Nxf4 a5 39. b5 Ke5 40. Nd3+ Kd4 41. Kf1 Rb7 42. Ke2 f4 43. c3+ Kd5 44. Kf3 Rh7 45. Nxf4+ Ke5 46. Rc6 Rb7 47. g4 Rb6 48. Nd3+ 1-0

[Event "COL-ch sf"]
[Site "Santa Rosa"]
[Date "2021.08.13"]
[Round "4"]
[White "Lopez Idarraga, Daniel Eduardo"]
[Black "Jimenez Alvarado, Jimmy Joseph"]
[Result "1-0"]
[WhiteElo "2009"]
[BlackElo "1831"]
[PlyCount "55"]
[EventDate "2021.08.11"]
[EventType "swiss"]
[EventRounds "11"]
[EventCountry "COL"]
[SourceTitle "CBM 204 Extra"]
[Source "ChessBase"]
[SourceDate "2021.11.30"]
[SourceVersion "1"]
[SourceVersionDate "2021.11.30"]
[SourceQuality "1"]

1. Nf3 Nf6 2. g3 b6 3. Bg2 Bb7 4. 0-0 e6 5. d3 d5 6. Nbd2 a5 7. e4 Be7 8. Re1 0-0 9. e5 Nfd7 10. h4 c5 11. h5 Qc7 12. Nf1 Nc6 13. Bf4 b5 14. Ne3 a4 15. h6 g6 16. Nxd5 exd5 17. e6 Qd8 18. exd7 Qxd7 19. Ne5 Nxe5 20. Bxe5 d4 21. Bxb7 Qxb7 22. Qg4 f5 23. Qh3 Qf3 24. Bxd4 cxd4 25. Rxe7 Rac8 26. Qh4 f4 27. Rg7+ Kh8 28. Qe7 1-0

[Event "COL-ch sf"]
[Site "Santa Rosa"]
[Date "2021.08.12"]
[Round "2"]
[White "Santos Rios, Carlos Gabriel"]
[Black "Jimenez Alvarado, Jimmy Joseph"]
[Result "0-1"]
[WhiteElo "1366"]
[BlackElo "1831"]
[PlyCount "78"]
[EventDate "2021.08.11"]
[EventType "swiss"]
[EventRounds "11"]
[EventCountry "COL"]
[SourceTitle "CBM 204 Extra"]
[Source "ChessBase"]
[SourceDate "2021.11.30"]
[SourceVersion "1"]
[SourceVersionDate "2021.11.30"]
[SourceQuality "1"]

1. Nf3 d6 2. d4 Nf6 3. c4 g6 4. g3 Bg7 5. Bg2 0-0 6. Nc3 Nh5 7. 0-0 Nc6 8. d5 Ne5 9. Nxe5 Bxe5 10. Bh6 Re8 11. Qd2 Rb8 12. Rae1 a6 13. e4 b5 14. f4 Bh8 15. Ne2 bxc4 16. Nd4 c5 17. Nc6 Rxb2 18. Qxb2 Bxb2 19. Nxd8 Bd4+ 20. Kh1 Rxd8 21. f5 Nf6 22. h3 Nd7 23. Bf4 Ne5 24. Bxe5 Bxe5 25. g4 g5 26. Rb1 c3 27. Rfc1 Bd7 28. Bf1 Bb5 29. Bxb5 axb5 30. Rxb5 Ra8 31. Rc2 Ra4 32. Rb3 Rxe4 33. Kg1 Rd4 34. Rbxc3 Rd1+ 35. Kf2 Bxc3 36. Rxc3 Rd2+ 37. Kf3 Rxa2 38. Re3 Rd2 39. Rxe7 Kg7 0-1